Mykoplazmové a chlamýdiové infekcie respiračného traktu a ich vzťah k iným ochoreniam

Bibliographic Details
Main Author: Rozborilová, Eva, 1942- (Author)
Format: Article
Language:Slovak
ISSN:1335-8359
Subjects:

MARC

LEADER 00000nab a2200000 a 4500
001 vtls000843696
003 SK-MaSNL
005 20260414104419.0
008 250429c2003 xo 0 slo
015 |a SNBRB2003/08-24413 
035 |a CLN000195351 
035 |a urn:nbn:sk:snk-ab322d 
035 |a (urnnbn)urn:nbn:sk:snk:ar-a05jgb 
035 |a (uuid)d61546a0-9b7b-4312-992c-040101944676 
040 |a SNKBUCL  |b slo  |c SNKBUCL  |e AACR2 
041 0 |a slo 
044 |a xo  |c SK 
080 |a 616.24-022.1:579.88  |2 1997 
100 1 |a Rozborilová, Eva,  |d 1942-  |4 aut  |9 200696 
245 1 0 |a Mykoplazmové a chlamýdiové infekcie respiračného traktu a ich vzťah k iným ochoreniam  |c Eva Rozborilová 
246 1 1 |a Respiratory infections with mycoplasma and chlamydia and their association with other disorders 
504 |a Res. angl., slov. 
504 |a Bibliogr. odkazy 
650 0 7 |a Mycoplasma pneumoniae  |x patogenita  |2 MESH  |9 1445858 
650 0 7 |a infekcie dýchacieho systému  |x klasifikácia  |x etiológia  |x parazitológia  |2 MESH  |9 1445859 
650 0 7 |a Chlamydophila pneumoniae  |x patogenita  |2 MESH  |9 1445860 
650 0 7 |a terapeutika  |2 MESH  |9 21659 
650 0 7 |a artérioskleróza  |2 MESH  |9 2429 
655 7 |a články z novín a časopisov  |2 snkbucl  |9 267496 
773 0 |t Interná medicína  |g Roč. 3, č. 2 (2003), s. 81-84  |x 1335-8359 
850 |a Slovenská národná knižnica 
852 |a Slovenská národná knižnica 
954 |a odborná, vedecká literatúra pôvodná (slovenská)  |2 lita 
958 |a article2022 
958 |a MI 
958 |a NB 
958 |a OND 
958 |a EUIPO 
999 |c 2897822  |d 2899752